00325nam a2200133Ia 45000010005000000080041000050200022000460820019000681000031000872450011001182600021001299010026001509990015001762167241024s9999 xx 000 0 und d a978-9945-16-323-0 aRD/863.44/J86o aFederico Jovine Bermúdez 0aOsorio bEd. Búhoc2009 a8/3/2012 3:35:49 p.m. c7809d7809